[Event "Hastings Masters"]
[Site "Hastings, England"]
[Date "2015.01.02"
[Round "5.1"]
[White "Sengupta, Deep"]
[WhiteElo "2566"]
[Black "Zhao, Jun"]
[BlackElo "2585"]
[Result "0-1"]

1. e4 {[%clk 1:40:53]} g6 {[%clk 1:37:01]} 2. Nc3 {[%clk 1:40:18]} Bg7
{[%clk 1:36:51]} 3. h4 {[%clk 1:40:41]} c5 {[%clk 1:21:15]} 4. h5
{[%clk 1:40:24]} d6 {[%clk 1:21:23]} 5. Bc4 {[%clk 1:39:15]} Nc6 {[%clk 1:21:10]}
6. d3 {[%clk 1:39:15]} e6 {[%clk 1:13:03]} 7. Bb3 {[%clk 1:37:09]} Nf6
{[%clk 0:58:01]} 8. h6 {[%clk 1:13:28]} Bf8 {[%clk 0:58:26]} 9. Nge2
{[%clk 1:13:53]} Be7 {[%clk 0:58:05]} 10. d4 {[%clk 1:12:42]} cxd4
{[%clk 0:49:27]} 11. Nxd4 {[%clk 1:13:06]} O-O {[%clk 0:44:07]} 12. Be3
{[%clk 1:10:05]} Na5 {[%clk 0:38:08]} 13. Qd3 {[%clk 0:48:08]} Ng4
{[%clk 0:36:22]} 14. Bd2 {[%clk 0:39:34]} Bf6 {[%clk 0:25:53]} 15. Nde2
{[%clk 0:34:14]} Ne5 {[%clk 0:21:22]} 16. Qg3 {[%clk 0:33:55]} Nec4
{[%clk 0:20:05]} 17. O-O-O {[%clk 0:13:47]} b5 {[%clk 0:20:17]} 18. f4
{[%clk 0:14:05]} b4 {[%clk 0:17:37]} 19. Na4 {[%clk 0:11:30]} Nxd2
{[%clk 0:16:40]} 20. Rxd2 {[%clk 0:11:56]} Qc7 {[%clk 0:16:33]} 21. Rhd1
{[%clk 0:07:24]} Nc4 {[%clk 0:15:38]} 22. Rd3 {[%clk 0:03:02]} Bb7
{[%clk 0:16:04]} 23. e5 {[%clk 0:03:29]} dxe5 {[%clk 0:13:27]} 24. Rd7
{[%clk 0:03:48]} Qc8 {[%clk 0:10:38]} 25. Rxb7 {[%clk 0:03:28]} Qxb7
{[%clk 0:09:31]} 26. Bxc4 {[%clk 0:03:57]} Qc7 {[%clk 0:08:45]} 27. Bb3
{[%clk 0:02:19]} exf4 {[%clk 0:08:08]} 28. Qf2 {[%clk 0:01:39]} Rad8
{[%clk 0:05:25]} 29. Rf1 {[%clk 0:01:53]} Bg5 {[%clk 0:05:07]} 30. Qf3
{[%clk 0:00:58]} Qe5 {[%clk 0:03:27]} 31. Kb1 {[%clk 0:00:51]} Bxh6
{[%clk 0:03:27]} 32. Nc1 {[%clk 0:00:58]} Rd2 {[%clk 0:03:08]} 33. Rh1
{[%clk 0:00:48]} Bg5 {[%clk 0:03:06]} 34. Qb7 {[%clk 0:01:00]} Rfd8
{[%clk 0:03:01]} 35. Nd3 {[%clk 0:00:34]} Qe2 {[%clk 0:02:46]} 36. a3
{[%clk 0:00:53]} bxa3 {[%clk 0:02:03]} 37. Nac5 {[%clk 0:00:33]} Qxg2
{[%clk 0:01:46]} 38. Qxg2 {[%clk 0:00:35]} Rxg2 {[%clk 0:02:14]} 39. Ne4
{[%clk 0:00:57]} h6 {[%clk 0:00:36]} 40. bxa3 {[%clk 0:01:10]} Kg7
{[%clk 0:00:41]} 41. Rf1 {[%clk 0:00:43]} Re2 {[%clk 0:47:24]} 42. Nc3
{[%clk 0:50:05]} Re3 {[%clk 0:47:27]} 43. a4 {[%clk 0:49:50]} h5 {[%clk 0:44:45]}
44. Nd1 {[%clk 0:48:02]} Rg3 {[%clk 0:44:43]} 45. Nc3 {[%clk 0:48:12]} Bh6
{[%clk 0:44:10]} 46. Ne2 {[%clk 0:45:54]} Re3 {[%clk 0:44:30]} 47. Nexf4
{[%clk 0:46:10]} Bxf4 {[%clk 0:44:37]} 48. Nxf4 {[%clk 0:45:38]} h4
{[%clk 0:44:47]} 49. Kc1 {[%clk 0:44:59]} h3 {[%clk 0:44:14]} 50. Rh1
{[%clk 0:44:26]} g5 {[%clk 0:42:19]} 51. Nd3 {[%clk 0:44:53]} f5 {[%clk 0:39:40]}
52. Bc4 {[%clk 0:44:59]} Kf6 {[%clk 0:39:26]} 53. Bb5 {[%clk 0:44:58]} g4
{[%clk 0:39:13]} 0-1

[Event "Hastings Masters"]
[Site "Hastings, England"]
[Date "2015.01.02"
[Round "5.2"]
[White "Hawkins, Jonathan"]
[WhiteElo "2552"]
[Black "Edouard, Romain"]
[BlackElo "2659"]
[Result "0-1"]

1. d4 {[%clk 1:39:00]} d5 {[%clk 1:39:35]} 2. c4 {[%clk 1:39:18]} dxc4
{[%clk 1:40:01]} 3. e4 {[%clk 1:39:32]} Nf6 {[%clk 1:34:40]} 4. e5
{[%clk 1:39:18]} Nd5 {[%clk 1:35:07]} 5. Bxc4 {[%clk 1:39:14]} Nb6
{[%clk 1:35:33]} 6. Bd3 {[%clk 1:39:05]} Nc6 {[%clk 1:35:47]} 7. Ne2
{[%clk 1:38:31]} Bg4 {[%clk 1:35:48]} 8. f3 {[%clk 1:38:55]} Bh5 {[%clk 1:35:50]}
9. Nbc3 {[%clk 1:37:47]} e6 {[%clk 1:35:53]} 10. Be4 {[%clk 1:38:00]} Bg6
{[%clk 1:26:54]} 11. O-O {[%clk 1:35:20]} Be7 {[%clk 1:21:39]} 12. Be3
{[%clk 1:34:28]} Qd7 {[%clk 1:20:29]} 13. a3 {[%clk 1:25:54]} O-O-O
{[%clk 1:18:36]} 14. Rc1 {[%clk 1:15:51]} Kb8 {[%clk 1:07:42]} 15. Na4
{[%clk 1:04:56]} Nxd4 {[%clk 0:44:17]} 16. Bxd4 {[%clk 0:54:39]} Qxa4
{[%clk 0:38:02]} 17. Rxc7 {[%clk 0:53:26]} Bxe4 {[%clk 0:35:59]} 18. Rxe7
{[%clk 0:53:49]} Qxd1 {[%clk 0:22:30]} 19. Rxd1 {[%clk 0:52:32]} Bg6
{[%clk 0:22:45]} 20. Nf4 {[%clk 0:45:47]} Rhf8 {[%clk 0:23:01]} 21. Kf2
{[%clk 0:45:25]} Nc8 {[%clk 0:17:57]} 22. Nxg6 {[%clk 0:44:32]} hxg6
{[%clk 0:18:19]} 23. Bxa7+ {[%clk 0:44:27]} Nxa7 {[%clk 0:17:44]} 24. Rxf7
{[%clk 0:43:53]} Rxf7 {[%clk 0:14:35]} 25. Rxd8+ {[%clk 0:43:35]} Kc7
{[%clk 0:13:49]} 26. Rd6 {[%clk 0:43:52]} Re7 {[%clk 0:13:41]} 27. Kg3
{[%clk 0:43:52]} Nb5 {[%clk 0:10:42]} 28. Rd2 {[%clk 0:44:13]} Rd7
{[%clk 0:10:58]} 29. Rc2+ {[%clk 0:41:00]} Kd8 {[%clk 0:11:26]} 30. Kg4
{[%clk 0:41:03]} Nd4 {[%clk 0:11:12]} 31. Rf2 {[%clk 0:39:52]} Ke7
{[%clk 0:10:13]} 32. f4 {[%clk 0:38:55]} Nc6 {[%clk 0:04:50]} 33. Rc2
{[%clk 0:37:29]} Kf7 {[%clk 0:03:56]} 34. Kg5 {[%clk 0:36:24]} Ne7
{[%clk 0:03:06]} 35. g3 {[%clk 0:35:08]} Nd5 {[%clk 0:02:47]} 36. h4
{[%clk 0:34:50]} Rc7 {[%clk 0:02:21]} 37. Rd2 {[%clk 0:35:09]} Rc1
{[%clk 0:02:11]} 38. Rd3 {[%clk 0:34:27]} Re1 {[%clk 0:01:57]} 39. Rd2
{[%clk 0:32:18]} Re3 {[%clk 0:01:42]} 40. Kg4 {[%clk 0:31:10]} Rb3
{[%clk 0:01:20]} 41. Re2 {[%clk 0:29:27]} Ne3+ {[%clk 0:48:22]} 0-1

[Event "Hastings Masters"]
[Site "Hastings, England"]
[Date "2015.01.02"
[Round "5.3"]
[White "Galyas, Miklos"]
[WhiteElo "2428"]
[Black "Fier, Alexandr"]
[BlackElo "2592"]
[Result "1/2-1/2"]

1. Nf3 {[%clk 1:40:57]} Nf6 {[%clk 1:38:32]} 2. c4 {[%clk 1:41:14]} g6
{[%clk 1:38:58]} 3. g3 {[%clk 1:41:29]} Bg7 {[%clk 1:39:05]} 4. Bg2
{[%clk 1:41:50]} c5 {[%clk 1:38:53]} 5. O-O {[%clk 1:41:40]} O-O {[%clk 1:39:18]}
6. Nc3 {[%clk 1:42:03]} Nc6 {[%clk 1:39:44]} 7. d4 {[%clk 1:42:20]} cxd4
{[%clk 1:40:10]} 8. Nxd4 {[%clk 1:42:41]} Qa5 {[%clk 1:40:36]} 9. Nb3
{[%clk 1:42:46]} Qh5 {[%clk 1:41:01]} 10. Nd5 {[%clk 1:42:34]} d6
{[%clk 1:39:19]} 11. h3 {[%clk 1:34:29]} Nxd5 {[%clk 1:26:24]} 12. cxd5
{[%clk 1:34:25]} Ne5 {[%clk 1:26:49]} 13. f4 {[%clk 1:27:11]} Nc4
{[%clk 1:25:03]} 14. g4 {[%clk 1:27:14]} Qh4 {[%clk 1:25:29]} 15. Nd4
{[%clk 1:14:48]} h5 {[%clk 1:18:05]} 16. Qd3 {[%clk 1:09:19]} hxg4
{[%clk 1:10:22]} 17. Qxc4 {[%clk 0:58:59]} gxh3 {[%clk 1:10:35]} 18. Bf3
{[%clk 0:59:23]} g5 {[%clk 1:10:59]} 19. Be3 {[%clk 0:48:29]} g4 {[%clk 1:10:59]}
20. Kh1 {[%clk 0:41:39]} g3 {[%clk 0:58:52]} 21. Rg1 {[%clk 0:38:28]} g2+
{[%clk 0:59:18]} 22. Bxg2 {[%clk 0:36:16]} hxg2+ {[%clk 0:59:23]} 23. Kxg2
{[%clk 0:36:44]} Bh3+ {[%clk 0:47:01]} 24. Kf3 {[%clk 0:36:57]} f5
{[%clk 0:47:06]} 25. Rg3 {[%clk 0:35:32]} Rac8 {[%clk 0:44:17]} 26. Qd3
{[%clk 0:35:49]} Qh5+ {[%clk 0:39:14]} 27. Kf2 {[%clk 0:36:11]} Bg4
{[%clk 0:39:41]} 28. Kg2 {[%clk 0:33:09]} Bxd4 {[%clk 0:34:26]} 1/2-1/2

[Event "Hastings Masters"]
[Site "Hastings, England"]
[Date "2015.01.02"
[Round "5.4"]
[White "Mista, Aleksander"]
[WhiteElo "2614"]
[Black "Ashton, Adam G"]
[BlackElo "2398"]
[Result "1-0"]

1. e4 {[%clk 1:40:56]} e5 {[%clk 1:40:52]} 2. Nf3 {[%clk 1:41:22]} Nc6
{[%clk 1:41:17]} 3. Bb5 {[%clk 1:41:49]} a6 {[%clk 1:41:42]} 4. Ba4
{[%clk 1:42:16]} Nf6 {[%clk 1:42:07]} 5. d3 {[%clk 1:42:44]} b5 {[%clk 1:41:12]}
6. Bb3 {[%clk 1:43:10]} Be7 {[%clk 1:40:58]} 7. O-O {[%clk 1:43:26]} d6
{[%clk 1:38:49]} 8. a4 {[%clk 1:43:46]} Bb7 {[%clk 1:37:36]} 9. Nc3
{[%clk 1:43:13]} b4 {[%clk 1:32:20]} 10. Nd5 {[%clk 1:36:54]} Nxd5
{[%clk 1:28:31]} 11. Bxd5 {[%clk 1:37:11]} Na5 {[%clk 1:26:12]} 12. Bxb7
{[%clk 1:37:26]} Nxb7 {[%clk 1:26:38]} 13. d4 {[%clk 1:37:52]} Bf6
{[%clk 1:19:33]} 14. dxe5 {[%clk 1:38:19]} dxe5 {[%clk 1:19:22]} 15. Qe2
{[%clk 1:38:43]} Qd6 {[%clk 1:10:16]} 16. Rd1 {[%clk 1:34:30]} Qe6
{[%clk 1:02:12]} 17. Be3 {[%clk 1:29:33]} O-O {[%clk 1:00:32]} 18. Rd5
{[%clk 1:29:38]} c6 {[%clk 0:42:14]} 19. Rd2 {[%clk 1:29:24]} Rfc8
{[%clk 0:30:31]} 20. Rad1 {[%clk 1:28:32]} c5 {[%clk 0:29:02]} 21. Rd7
{[%clk 1:28:42]} Na5 {[%clk 0:26:34]} 22. R7d5 {[%clk 1:25:33]} Nb7
{[%clk 0:23:33]} 23. Bg5 {[%clk 1:12:06]} Re8 {[%clk 0:13:16]} 24. h3
{[%clk 1:08:42]} h6 {[%clk 0:13:09]} 25. Bxf6 {[%clk 1:07:15]} Qxf6
{[%clk 0:13:37]} 26. Nd2 {[%clk 1:07:22]} Qc6 {[%clk 0:13:02]} 27. Nc4
{[%clk 1:06:17]} f6 {[%clk 0:11:38]} 28. Rd7 {[%clk 1:05:42]} Rad8
{[%clk 0:10:14]} 29. Qg4 {[%clk 1:05:46]} g5 {[%clk 0:08:18]} 30. Qf5
{[%clk 1:06:00]} 1-0

[Event "Hastings Masters"]
[Site "Hastings, England"]
[Date "2015.01.02"
[Round "5.5"]
[White "Bogner, Sebastian"]
[WhiteElo "2586"]
[Black "Mannion, Stephen R"]
[BlackElo "2345"]
[Result "1-0"]

1. d4 {[%clk 1:35:42]} d5 {[%clk 1:40:52]} 2. c4 {[%clk 1:36:09]} dxc4
{[%clk 1:41:14]} 3. e4 {[%clk 1:36:35]} e5 {[%clk 1:41:11]} 4. Nf3
{[%clk 1:37:00]} exd4 {[%clk 1:36:30]} 5. Bxc4 {[%clk 1:35:12]} Nc6
{[%clk 1:36:52]} 6. O-O {[%clk 1:35:30]} Be6 {[%clk 1:37:12]} 7. Bb5
{[%clk 1:35:55]} Bc5 {[%clk 1:37:12]} 8. b4 {[%clk 1:36:20]} Bb6 {[%clk 1:37:32]}
9. a4 {[%clk 1:36:43]} a6 {[%clk 1:37:12]} 10. Bxc6+ {[%clk 1:37:08]} bxc6
{[%clk 1:37:38]} 11. a5 {[%clk 1:37:31]} Ba7 {[%clk 1:38:02]} 12. Bb2
{[%clk 1:37:56]} Ne7 {[%clk 1:30:35]} 13. Bxd4 {[%clk 1:35:00]} O-O
{[%clk 1:29:58]} 14. Qd2 {[%clk 1:09:04]} Re8 {[%clk 1:05:45]} 15. Qc3
{[%clk 1:00:40]} Bxd4 {[%clk 0:58:21]} 16. Nxd4 {[%clk 1:00:16]} Qd6
{[%clk 0:58:36]} 17. Na3 {[%clk 0:55:41]} Rab8 {[%clk 0:29:35]} 18. Nac2
{[%clk 0:53:25]} f6 {[%clk 0:27:45]} 19. Rad1 {[%clk 0:41:30]} Bf7
{[%clk 0:28:00]} 20. Rfe1 {[%clk 0:32:15]} Rbd8 {[%clk 0:23:36]} 21. f3
{[%clk 0:30:40]} Qe5 {[%clk 0:21:46]} 22. Ne3 {[%clk 0:25:32]} h5
{[%clk 0:17:52]} 23. Nc4 {[%clk 0:23:06]} Qg5 {[%clk 0:17:40]} 24. Nb2
{[%clk 0:18:55]} Rd6 {[%clk 0:15:49]} 25. Re2 {[%clk 0:13:23]} Red8
{[%clk 0:14:46]} 26. Red2 {[%clk 0:13:13]} Ng6 {[%clk 0:12:09]} 27. Kf1
{[%clk 0:07:19]} h4 {[%clk 0:09:24]} 28. Nc4 {[%clk 0:06:04]} R6d7
{[%clk 0:09:25]} 29. Ne3 {[%clk 0:05:52]} Ne5 {[%clk 0:04:48]} 30. h3
{[%clk 0:04:36]} g6 {[%clk 0:03:25]} 31. Ne2 {[%clk 0:03:30]} Rxd2
{[%clk 0:01:41]} 32. Rxd2 {[%clk 0:03:59]} Rxd2 {[%clk 0:02:05]} 33. Qxd2
{[%clk 0:04:26]} Qh6 {[%clk 0:02:02]} 34. Qd8+ {[%clk 0:04:18]} Kg7
{[%clk 0:02:11]} 35. f4 {[%clk 0:03:42]} Nc4 {[%clk 0:01:17]} 36. Ng4
{[%clk 0:03:26]} Qh5 {[%clk 0:00:46]} 37. Qxf6+ {[%clk 0:03:46]} Kf8
{[%clk 0:00:38]} 38. Qd8+ {[%clk 0:04:09]} Kg7 {[%clk 0:00:59]} 39. Qd4+
{[%clk 0:03:02]} Kf8 {[%clk 0:01:21]} 40. Kf2 {[%clk 0:01:08]} Nd6
{[%clk 0:00:38]} 41. Nc3 {[%clk 0:00:49]} Nb5 {[%clk 0:42:46]} 42. Qd8+
{[%clk 0:50:51]} Kg7 {[%clk 0:42:32]} 43. Qf6+ {[%clk 0:51:19]} 1-0

[Event "Hastings Masters"]
[Site "Hastings, England"]
[Date "2015.01.02"
[Round "5.6"]
[White "Lagarde, Maxime"]
[WhiteElo "2576"]
[Black "Kirk, Ezra"]
[BlackElo "2308"]
[Result "1-0"]

1. d4 Nf6 2. c4 g6 3. Nc3 Bg7 4. e4 d6 5. Nge2 O-O 6. Ng3 c5 7. d5 e6 8. Be2 a6
9. Bg5 h6 10. Bf4 exd5 11. exd5 Re8 12. O-O Qc7 13. Qd2 Kh7 14. Bd3 Nbd7 15. Nge4
Bf8 16. Rae1 Nh5 17. g4 Nxf4 18. Qxf4 Kg7 19. g5 Ne5 20. gxh6+ Kh8 21. Qf6+ Kg8
22. f4 Ng4 23. h7+ Kxh7 24. Qh4+ Kg7 25. Ng5 Bf5 26. Qh7+ Kf6 27. Qh8+ 1-0

[Event "Hastings Masters"]
[Site "Hastings, England"]
[Date "2015.01.02"
[Round "5.7"]
[White "Bellin, Robert"]
[WhiteElo "2338"]
[Black "Hebden, Mark L"]
[BlackElo "2523"]
[Result "0-1"]

1. e4 e5 2. Nf3 Nc6 3. Bb5 a6 4. Ba4 Nf6 5. O-O Be7 6. Re1 b5 7. Bb3 O-O 8. c3 d5
9. exd5 Nxd5 10. Nxe5 Nxe5 11. Rxe5 c6 12. Bxd5 cxd5 13. d4 Bd6 14. Re3 Bb8 15.
Nd2 a5 16. Nf1 Ra6 17. Re1 Rg6 18. a4 Bg4 19. Qb3 bxa4 20. Qxa4 Bc7 21. b3 Bd7
22. Qa2 h5 23. Ba3 Re8 24. Qd2 h4 25. Kh1 h3 26. g3 Rge6 27. f4 Bb5 28. Ne3 Re4
29. Bc5 Qd7 30. Kg1 Qe6 31. Nc2 Be2 0-1

[Event "Hastings Masters"]
[Site "Hastings, England"]
[Date "2015.01.02"
[Round "5.8"]
[White "Olsarova, Tereza"]
[WhiteElo "2302"]
[Black "Gormally, Daniel W"]
[BlackElo "2499"]
[Result "1-0"]

1. d4 {[%clk 1:40:57]} Nf6 {[%clk 1:36:46]} 2. Nf3 {[%clk 1:41:09]} d5
{[%clk 1:35:40]} 3. Bf4 {[%clk 1:40:02]} c5 {[%clk 1:31:32]} 4. c3
{[%clk 1:34:50]} Qb6 {[%clk 1:31:06]} 5. Qb3 {[%clk 1:28:56]} Nc6
{[%clk 1:29:57]} 6. Na3 {[%clk 1:21:34]} c4 {[%clk 1:29:40]} 7. Qxb6
{[%clk 1:19:40]} axb6 {[%clk 1:30:01]} 8. Nb5 {[%clk 1:13:49]} Ra5
{[%clk 1:28:28]} 9. a4 {[%clk 1:13:28]} Bf5 {[%clk 1:13:05]} 10. Kd1
{[%clk 1:04:03]} Ne4 {[%clk 1:07:24]} 11. Be3 {[%clk 1:03:03]} e6
{[%clk 1:06:40]} 12. Nd2 {[%clk 0:59:49]} Nd6 {[%clk 1:02:16]} 13. Nxd6+
{[%clk 0:55:52]} Bxd6 {[%clk 1:02:40]} 14. b4 {[%clk 0:54:51]} cxb3
{[%clk 0:57:29]} 15. Nxb3 {[%clk 0:55:08]} Ra7 {[%clk 0:57:30]} 16. Bc1
{[%clk 0:50:36]} Ke7 {[%clk 0:54:39]} 17. e3 {[%clk 0:50:00]} Rc8
{[%clk 0:53:01]} 18. Kd2 {[%clk 0:41:08]} f6 {[%clk 0:44:53]} 19. Ba3
{[%clk 0:39:23]} e5 {[%clk 0:44:43]} 20. Bb5 {[%clk 0:32:55]} Rca8
{[%clk 0:41:30]} 21. Rhc1 {[%clk 0:30:50]} Be6 {[%clk 0:41:00]} 22. f3
{[%clk 0:28:53]} Nd8 {[%clk 0:38:52]} 23. Bxd6+ {[%clk 0:27:50]} Kxd6
{[%clk 0:39:17]} 24. Rcb1 {[%clk 0:26:03]} Nf7 {[%clk 0:39:19]} 25. Nc1
{[%clk 0:24:13]} Kc7 {[%clk 0:35:48]} 26. Nd3 {[%clk 0:22:42]} Bf5
{[%clk 0:34:42]} 27. Rb4 {[%clk 0:21:56]} Bxd3 {[%clk 0:33:26]} 28. Bxd3
{[%clk 0:22:02]} Nd6 {[%clk 0:33:52]} 29. c4 {[%clk 0:17:32]} dxc4
{[%clk 0:24:52]} 30. Bxc4 {[%clk 0:17:49]} Rd8 {[%clk 0:24:13]} 31. Rc1
{[%clk 0:16:10]} Kb8 {[%clk 0:23:17]} 32. Bb3 {[%clk 0:15:36]} Ra5
{[%clk 0:17:50]} 33. Rxb6 {[%clk 0:12:02]} exd4 {[%clk 0:18:08]} 34. e4
{[%clk 0:12:20]} f5 {[%clk 0:13:56]} 35. Kd3 {[%clk 0:12:23]} fxe4+
{[%clk 0:14:20]} 36. fxe4 {[%clk 0:12:46]} Rh5 {[%clk 0:10:57]} 37. Bd5
{[%clk 0:10:13]} Ka7 {[%clk 0:09:38]} 38. Rb4 {[%clk 0:07:38]} Rd7
{[%clk 0:09:00]} 39. h3 {[%clk 0:07:44]} Rg5 {[%clk 0:08:06]} 40. Rc2
{[%clk 0:06:32]} Re7 {[%clk 0:01:39]} 41. Kxd4 {[%clk 0:02:34]} Rg3
{[%clk 0:01:53]} 42. Rcb2 {[%clk 0:00:35]} Ra3 {[%clk 0:47:52]} 43. Kc5
{[%clk 0:46:57]} Rd7 {[%clk 0:46:37]} 44. e5 {[%clk 0:45:13]} 1-0

[Event "Hastings Masters"]
[Site "Hastings, England"]
[Date "2015.01.02"
[Round "5.9"]
[White "Arkell, Keith C"]
[WhiteElo "2489"]
[Black "Constantinou, Peter"]
[BlackElo "2276"]
[Result "1-0"]

1. d4 {[%clk 1:40:54]} d5 {[%clk 1:40:46]} 2. Nf3 {[%clk 1:41:10]} Nf6
{[%clk 1:40:51]} 3. c4 {[%clk 1:41:21]} dxc4 {[%clk 1:40:32]} 4. Qa4+
{[%clk 1:41:37]} c6 {[%clk 1:40:25]} 5. Qxc4 {[%clk 1:42:01]} Bg4
{[%clk 1:40:17]} 6. Nbd2 {[%clk 1:41:47]} Nbd7 {[%clk 1:38:55]} 7. g3
{[%clk 1:41:56]} e6 {[%clk 1:38:16]} 8. Bg2 {[%clk 1:42:17]} Be7 {[%clk 1:37:38]}
9. O-O {[%clk 1:33:35]} O-O {[%clk 1:37:10]} 10. Ne5 {[%clk 1:28:23]} Bh5
{[%clk 1:34:24]} 11. Ndf3 {[%clk 1:28:47]} Rc8 {[%clk 1:18:39]} 12. Bg5
{[%clk 1:26:06]} Nd5 {[%clk 1:03:02]} 13. Bxe7 {[%clk 1:26:28]} Qxe7
{[%clk 1:02:39]} 14. Nxd7 {[%clk 1:25:17]} Qxd7 {[%clk 1:01:58]} 15. Ne5
{[%clk 1:25:17]} Qe7 {[%clk 0:59:28]} 16. e3 {[%clk 1:23:25]} c5 {[%clk 0:37:17]}
17. Rac1 {[%clk 1:09:13]} Nb6 {[%clk 0:36:10]} 18. Qc3 {[%clk 1:09:19]} f6
{[%clk 0:18:05]} 19. Nf3 {[%clk 1:06:38]} cxd4 {[%clk 0:17:59]} 20. Qxd4
{[%clk 1:06:47]} e5 {[%clk 0:17:39]} 21. Qd2 {[%clk 1:03:49]} Nc4
{[%clk 0:15:30]} 22. Qc3 {[%clk 1:01:21]} Bf7 {[%clk 0:13:36]} 23. b3
{[%clk 1:00:55]} Nd6 {[%clk 0:13:36]} 24. Qb4 {[%clk 1:00:56]} Nf5
{[%clk 0:13:22]} 25. Qa4 {[%clk 0:59:37]} a6 {[%clk 0:12:29]} 26. Nd2
{[%clk 0:57:52]} Rfd8 {[%clk 0:10:22]} 27. Ne4 {[%clk 0:50:58]} Kf8
{[%clk 0:10:39]} 28. Qa5 {[%clk 0:49:42]} Kg8 {[%clk 0:01:50]} 29. Qb6
{[%clk 0:45:17]} Kf8 {[%clk 0:00:33]} 30. Nc5 {[%clk 0:40:41]} Nd6
{[%clk 0:00:35]} 31. Rfd1 {[%clk 0:40:00]} e4 {[%clk 0:00:34]} 32. Nxe4
{[%clk 0:36:14]} Nxe4 {[%clk 0:00:40]} 33. Rxd8+ {[%clk 0:36:31]} Qxd8
{[%clk 0:00:35]} 34. Qxd8+ {[%clk 0:36:54]} Rxd8 {[%clk 0:01:04]} 35. Bxe4
{[%clk 0:37:17]} b6 {[%clk 0:00:32]} 36. Rc6 {[%clk 0:34:34]} Rd2
{[%clk 0:00:35]} 37. Rxb6 {[%clk 0:34:57]} Rxa2 {[%clk 0:00:55]} 38. Rb8+
{[%clk 0:35:13]} Ke7 {[%clk 0:01:21]} 39. Rb7+ {[%clk 0:32:29]} Kf8
{[%clk 0:00:51]} 40. b4 {[%clk 0:32:53]} Ra1+ {[%clk 0:00:54]} 41. Kg2
{[%clk 0:33:18]} h6 {[%clk 0:42:20]} 42. h4 {[%clk 1:17:22]} Bc4 {[%clk 0:31:51]}
43. h5 {[%clk 1:15:48]} Bf7 {[%clk 0:30:37]} 44. g4 {[%clk 1:16:02]} Be6
{[%clk 0:30:23]} 45. f3 {[%clk 1:15:36]} Bc4 {[%clk 0:29:07]} 46. Kg3
{[%clk 1:15:49]} Ra3 {[%clk 0:20:09]} 47. Kf4 {[%clk 1:15:36]} Bf7
{[%clk 0:19:57]} 48. Rb6 {[%clk 1:10:32]} Bc4 {[%clk 0:18:52]} 49. Rc6
{[%clk 1:05:47]} Bf7 {[%clk 0:18:13]} 50. Bg6 {[%clk 1:02:39]} Ba2
{[%clk 0:17:14]} 51. e4 {[%clk 1:01:03]} Ra4 {[%clk 0:16:21]} 52. Rb6
{[%clk 0:58:25]} Ra3 {[%clk 0:16:23]} 53. Rb8+ {[%clk 0:56:48]} Ke7
{[%clk 0:16:47]} 54. Rb7+ {[%clk 0:54:48]} Kf8 {[%clk 0:16:59]} 55. Rc7
{[%clk 0:54:44]} Ra4 {[%clk 0:17:00]} 56. Rc8+ {[%clk 0:54:43]} Ke7
{[%clk 0:17:21]} 57. Re8+ {[%clk 0:54:58]} Kd6 {[%clk 0:15:50]} 58. Rb8
{[%clk 0:48:19]} Ra3 {[%clk 0:14:41]} 59. Rc8 {[%clk 0:38:15]} Ra4
{[%clk 0:13:07]} 60. Rc2 {[%clk 0:28:00]} Bb3 {[%clk 0:11:45]} 61. Rb2
{[%clk 0:22:31]} Bc4 {[%clk 0:10:33]} 62. Be8 {[%clk 0:22:11]} Ra3
{[%clk 0:09:48]} 63. Rc2 {[%clk 0:13:46]} Bd3 {[%clk 0:08:59]} 64. Rd2
{[%clk 0:13:49]} Ke7 {[%clk 0:09:09]} 65. Bc6 {[%clk 0:14:06]} Rc3
{[%clk 0:05:13]} 66. Bd5 {[%clk 0:14:07]} Bb5 {[%clk 0:05:10]} 67. e5
{[%clk 0:11:51]} fxe5+ {[%clk 0:11:31]} 68. Kxe5 {[%clk 0:27:16]} Bd7
{[%clk 0:11:32]} 69. Rd4 {[%clk 0:25:30]} Ra3 {[%clk 0:11:03]} 70. Rf4
{[%clk 0:25:31]} Be8 {[%clk 0:11:12]} 71. Rc4 {[%clk 0:25:47]} a5
{[%clk 0:09:51]} 72. Rc7+ {[%clk 0:25:20]} Kf8 {[%clk 0:10:16]} 73. b5
{[%clk 0:25:02]} Bxb5 {[%clk 0:08:05]} 74. Rf7+ {[%clk 0:25:24]} Ke8
{[%clk 0:08:27]} 75. Rxg7 {[%clk 0:25:49]} Be2 {[%clk 0:07:21]} 76. Kd6
{[%clk 0:25:18]} 1-0

[Event "Hastings Masters"]
[Site "Hastings, England"]
[Date "2015.01.02"
[Round "5.10"]
[White "Kjartansson, Gudmundur"]
[WhiteElo "2451"]
[Black "Prosviriakov, Vladimir"]
[BlackElo "2271"]
[Result "1-0"]

1. d4 {[%clk 1:40:56]} Nf6 {[%clk 1:40:22]} 2. c4 {[%clk 1:40:42]} d6
{[%clk 1:40:15]} 3. Nc3 {[%clk 1:40:35]} Bf5 {[%clk 1:40:13]} 4. g3
{[%clk 1:32:54]} e5 {[%clk 1:36:20]} 5. d5 {[%clk 1:30:11]} Nbd7 {[%clk 1:28:28]}
6. Bg2 {[%clk 1:29:51]} a5 {[%clk 1:20:27]} 7. e4 {[%clk 1:29:10]} Bg6
{[%clk 1:20:43]} 8. Be3 {[%clk 1:22:23]} Nc5 {[%clk 1:17:31]} 9. f3
{[%clk 1:10:35]} Be7 {[%clk 1:14:52]} 10. Nge2 {[%clk 1:08:24]} Nfd7
{[%clk 1:13:24]} 11. Qc2 {[%clk 1:06:11]} a4 {[%clk 1:03:52]} 12. O-O
{[%clk 0:58:39]} O-O {[%clk 1:02:41]} 13. Bh3 {[%clk 0:55:02]} c6
{[%clk 0:54:55]} 14. b4 {[%clk 0:50:17]} axb3 {[%clk 0:54:47]} 15. axb3
{[%clk 0:50:39]} Rxa1 {[%clk 0:50:10]} 16. Rxa1 {[%clk 0:51:03]} Bg5
{[%clk 0:48:23]} 17. Bf2 {[%clk 0:50:13]} Bh5 {[%clk 0:43:49]} 18. b4
{[%clk 0:38:04]} Na6 {[%clk 0:43:22]} 19. Rxa6 {[%clk 0:36:22]} bxa6
{[%clk 0:43:39]} 20. dxc6 {[%clk 0:36:45]} Nb6 {[%clk 0:31:49]} 21. Nd5
{[%clk 0:31:57]} Nxd5 {[%clk 0:30:32]} 22. cxd5 {[%clk 0:25:22]} Qc7
{[%clk 0:30:28]} 23. Nc3 {[%clk 0:23:29]} Rb8 {[%clk 0:27:00]} 24. g4
{[%clk 0:18:23]} Bg6 {[%clk 0:27:15]} 25. b5 {[%clk 0:10:48]} axb5
{[%clk 0:26:09]} 26. Bf1 {[%clk 0:10:25]} f5 {[%clk 0:19:11]} 27. gxf5
{[%clk 0:09:08]} Bh5 {[%clk 0:19:29]} 28. Nxb5 {[%clk 0:08:17]} Qe7
{[%clk 0:18:45]} 29. c7 {[%clk 0:05:51]} Rc8 {[%clk 0:19:01]} 30. f6
{[%clk 0:05:17]} Qd7 {[%clk 0:19:07]} 31. Qc6 {[%clk 0:03:33]} Be8
{[%clk 0:19:10]} 32. Qxd7 {[%clk 0:02:26]} Bxd7 {[%clk 0:19:32]} 33. Bb6
{[%clk 0:01:35]} gxf6 {[%clk 0:10:13]} 34. Na7 {[%clk 0:00:56]} Rxc7
{[%clk 0:08:01]} 35. Bxc7 {[%clk 0:01:24]} Be3+ {[%clk 0:08:23]} 36. Kg2
{[%clk 0:01:38]} Bxa7 {[%clk 0:08:48]} 37. Bxd6 {[%clk 0:02:03]} Be3
{[%clk 0:08:18]} 38. Ba6 {[%clk 0:02:00]} Kf7 {[%clk 0:08:15]} 39. Bb7
{[%clk 0:01:42]} h5 {[%clk 0:07:30]} 40. Bc6 {[%clk 0:01:24]} Bc8
{[%clk 0:07:46]} 41. Bc7 {[%clk 0:38:16]} h4 {[%clk 0:55:13]} 42. d6
{[%clk 0:34:05]} Ke6 {[%clk 0:51:55]} 43. Be8 {[%clk 0:27:35]} h3+
{[%clk 0:40:52]} 44. Kxh3 {[%clk 0:26:54]} 1-0